| 000 | 00887cab a22001935a 4500 | ||
|---|---|---|---|
| 001 | L158671 | ||
| 008 | 150602e20150509xxk 000 0 eng d | ||
| 035 | _a(Sirsi) u158671 | ||
| 041 | 0 | _aeng | |
| 100 | 1 | _aDollar, Peta | |
| 245 | 0 | 0 | _aIssues with long leases |
| 260 | _c2015 | ||
| 490 |
_aEstates Gazette _v(1518) 9 May 2015, 86-87(2) |
||
| 520 | _aDeals with the important statutory provisions and requirements to be aware of when dealing with long leases. Mentions the issues that can occur for tenants under certain Acts such as Section 19(1)(b) of the Landlord and Tenant Act 1927 and Section 84(12) of the Law of Property Act 1925. Also includes information about minimum energy efficiency standards, the CRC Energy Efficiency Scheme and the Community infrastructure levy. | ||
| 590 | _aKA | ||
| 651 | 4 | _aUnited Kingdom | |
| 690 |
_aLandlord and tenant _96252 |
||
| 942 | _n0 | ||
| 999 |
_c84651 _d84651 |
||